000 00656nam a2200229Ia 4500
003 OSt
005 20220928112052.0
006 a|||||r|||| 00| 0
007 ta
008 220927b |||||||| |||| 00| 0 eng d
024 _a49926
037 _cTextual
040 _aSDCL
_cSDCL
_beng
041 _2eng
_aeng
082 _aV73:19'N7, L3
100 _aNuechterlein Donald E
_9426110
245 0 _aUnited States national interests in a changing world
260 _aLexington
_bThe University Press of Kentucky
_c1973
300 _aix,203
_ccm.
942 _hV73:19'N7, L3
_cTEXL
_2CC
999 _c743114
_d743114